Ethical Frontiers in Public Management Seeking New Strategies for Resolving Ethical Dilemmas
Saved in:
| Other Authors: | |
|---|---|
| Format: | Book |
| Language: | English |
| Published: |
San Francisco
Jossey-Bass Publ.
1991
|
| Edition: | 1. ed. |
| Series: | <The> Jossey-Bass Public Administration Series
|
| Subjects: | |
| Tags: |
No Tags, Be the first to tag this record!
|
MARC
| LEADER | 00000nam a2200000 4500 | ||
|---|---|---|---|
| 001 | c020238 | ||
| 005 | 20221206114542.9 | ||
| 020 | |a 1-55542-345-0 | ||
| 041 | 0 | |a eng | |
| 044 | |a US | ||
| 245 | 1 | 0 | |a Ethical Frontiers in Public Management |b Seeking New Strategies for Resolving Ethical Dilemmas |c Edit. James S. Bowman |
| 250 | |a 1. ed. | ||
| 264 | 1 | |a San Francisco |b Jossey-Bass Publ. |c 1991 | |
| 300 | |a 321 s. | ||
| 490 | 1 | |a <The> Jossey-Bass Public Administration Series | |
| 830 | 0 | |a <The> Jossey-Bass Public Administration Series | |
| 610 | 2 | 0 | |a správa verejná |
| 610 | 2 | 0 | |a správa štátna |
| 610 | 2 | 0 | |a etika |
| 610 | 2 | 0 | |a etika sociálna |
| 610 | 2 | 0 | |a riadenie administratívne |
| 610 | 2 | 0 | |a občania |
| 610 | 2 | 0 | |a vláda |
| 610 | 2 | 0 | |a polícia |
| 610 | 2 | 0 | |a správanie |
| 700 | 1 | |a Bowman, James S. | |